IMF survey

Detalles Bibliográficos
Autor Corporativo: Fondo Monetario Internacional
Formato: Desconocido
Lenguaje:inglés
Publicado: [Washington, D.C.] : International Monetary Fund
Materias:
Acceso en línea:Acceso restringido

MARC

LEADER 00000ny a22000003n 4500
003 UkOxU
005 20090130160753.0
008 910524d19722008dcu n p i0 u0eng d
010 |a LC 72626146 
022 |a 0047-083X 
035 |a 2390 
040 |a OKentU  |d vLex 
050 0 |a HG3881  |b .I6197 
050 0 |a HG3881  |b .I6197 
082 |a 332.1/52 
090 |c 1564  |d 1564 
110 2 |a Fondo Monetario Internacional 
245 3 0 |a IMF survey  |h [Recurso electrn̤ico] 
246 3 |a International Monetary Fund survey 
256 |a Servicio en ln̕ea 
260 |a [Washington, D.C.] :  |b International Monetary Fund 
310 |a Bimensual 
506 1 |a Contenido solo disponible en los productos indicados  |d vLex Global  |d vLex Global (Academic Edition, excluding Law Schools)  |d vLex Global (U.S. Academic Edition, Law Schools)  |d vLex Global (U.S. Academic Edition, excluding Law Schools)  |d vLex Global (Academic Edition, Law Schools) 
650 0 4 |a Finanzas internacionales  |x Publicaciones perid̤icas 
740 0 |a vLex Revista (Servicios en ln̕ea) 
843 |a Electrn̤ica. Abierta 
853 |8 1  |i (year)  |j (month)  |k (day) 
856 4 0 |u http://vlex.com/source/2390  |z Acceso restringido 
942 |c REV 
999 0 |a International finance  |v Periodicals 
999 0 |a International Monetary Fund